Hospitality supervision / (Record no. 14426)
[ view plain ]
| 000 -LEADER | |
|---|---|
| fixed length control field | 00669nam a2200205 a 4500 |
| 003 - CONTROL NUMBER IDENTIFIER | |
| control field | PILC |
| 005 - DATE AND TIME OF LATEST TRANSACTION | |
| control field | 20150817143924.0 |
| 008 - FIXED-LENGTH DATA ELEMENTS--GENERAL INFORMATION | |
| fixed length control field | 100719s19uu xx 00 eng d |
| 020 ## - INTERNATIONAL STANDARD BOOK NUMBER | |
| International Standard Book Number | 0866120521 |
| 050 ## - LIBRARY OF CONGRESS CALL NUMBER | |
| Classification number | TX 911.3.P4 |
| Item number | .K38 1995 |
| 082 ## - DEWEY DECIMAL CLASSIFICATION NUMBER | |
| Classification number | HSF 647.94068 |
| Item number | K17 1995 |
| 100 ## - MAIN ENTRY--PERSONAL NAME | |
| Personal name | Kavanaugh, Raphael R. |
| 9 (RLIN) | 12699 |
| 245 ## - TITLE STATEMENT | |
| Title | Hospitality supervision / |
| 250 ## - EDITION STATEMENT | |
| Edition statement | 2nd edition. |
| 260 ## - PUBLICATION, DISTRIBUTION, ETC. (IMPRINT) | |
| Place of publication, distribution, etc | East Lansing, Michigan : |
| Name of publisher, distributor, etc | Educational Institute of the American Hotel and Motel Association, |
| Date of publication, distribution, etc | 1995. |
| 300 ## - PHYSICAL DESCRIPTION | |
| Extent | 316 pages : |
| Other physical details | illustrations ; |
| Dimensions | 23 cm. |
| 650 ## - SUBJECT ADDED ENTRY--TOPICAL TERM | |
| Topical term or geographic name as entry element | Hospitality industry - supervision |
| 9 (RLIN) | 12700 |
| 700 ## - ADDED ENTRY--PERSONAL NAME | |
| Personal name | Ninemeier, Jack D. |
| 9 (RLIN) | 10103 |
| 942 ## - ADDED ENTRY ELEMENTS (KOHA) | |
| Source of classification or shelving scheme | Library of Congress Classification |
| Koha item type | Books |
| Withdrawn status | Lost status | Source of classification or shelving scheme | Damaged status | Home library | Current library | Shelving location | Date acquired | Total Checkouts | Full call number | Barcode | Date last seen | Copy number | Price effective from | Koha item type | Total Renewals | Date checked out | Source of acquisition | Public note | Sub Shelving location |
|---|---|---|---|---|---|---|---|---|---|---|---|---|---|---|---|---|---|---|---|
| Library of Congress Classification | Southville International School Affiliated with Foreign Universities Library | Southville International School Affiliated with Foreign Universities Library | Southville Foreign University Section | 08/23/2013 | TX 911.3.P4 .K38 1995 | SFU0492 | 05/15/2018 | 1 | 08/23/2013 | Books | |||||||||
| Library of Congress Classification | Southville International School Affiliated with Foreign Universities Library | Southville International School Affiliated with Foreign Universities Library | Southville Foreign University Section | 08/23/2013 | 1 | TX 911.3.P4 .K38 1995 | SFU0493 | 05/15/2018 | 2 | 08/23/2013 | Books | 2 | 02/06/2016 | ||||||
| Withdrawn | Library of Congress Classification | Southville International School Affiliated with Foreign Universities Library | Southville International School Affiliated with Foreign Universities Library | 08/23/2013 | TX 911.3.P4 .K38 1995 | SFU0494 | 05/15/2018 | 3 | 08/23/2013 | Books | Donation | Books donated | |||||||
| Library of Congress Classification | Southville International School Affiliated with Foreign Universities Library | Southville International School Affiliated with Foreign Universities Library | Southville Foreign University Section | 06/16/2015 | TX 911.3.P4 .K38 1995 | SFU2064 | 05/15/2018 | 06/16/2015 | Books | Library Fund | |||||||||
| Withdrawn | Library of Congress Classification | Southville International School Affiliated with Foreign Universities Library | Southville International School Affiliated with Foreign Universities Library | 06/16/2015 | 1 | TX 911.3.P4 .K38 1995 | SFU2067 | 05/15/2018 | 06/16/2015 | Books | 3 | 02/06/2016 | Library Fund | Books donated | |||||
| Withdrawn | Library of Congress Classification | Southville International School Affiliated with Foreign Universities Library | Southville International School Affiliated with Foreign Universities Library | 06/16/2015 | TX 911.3.P4 .K38 1995 | SFU2068 | 05/15/2018 | 06/16/2015 | Books | Library Fund | Books donated | ||||||||
| Withdrawn | Library of Congress Classification | Southville International School Affiliated with Foreign Universities Library | Southville International School Affiliated with Foreign Universities Library | 08/17/2015 | TX 911.3.P4 .K38 1995 | SFU2517 | 05/15/2018 | 08/17/2015 | Books | Donation | Books donated |